Statistics for Thomas Pynchon Novels

Click here to take the quiz!

General Stats

  • This quiz has been taken 209 times
  • The average score is 6 of 7

Answer Stats

Answer% Correct
Gravity's Rainbow
97%
V.
91%
The Crying of Lot 49
85%
Mason & Dixon
81%
Inherent Vice
74%
Vineland
71%
Against the Day
56%

Score Distribution

Percentile by Number Answered

Percent of People with Each Score

Your Score History

You have not taken this quiz